Ekologická újma: přiležitost pro vývoj nových produktů
Česká asociácia poisťovní usporiadala seminár o poistení zodpovednosti spôsobené ekologickou ujmou. Cieľom seminára bola koncepcia poistnej ochrany škôd na životnom prostredí. Skúsenosti zo zahraničia.
Saved in:
| Main Author: | |
|---|---|
| Format: | Book Chapter |
| Language: | Czech |
| Subjects: | |
| Tags: |
No Tags, Be the first to tag this record!
|
MARC
| LEADER | 00000naa a2200000 4500 | ||
|---|---|---|---|
| 001 | 0117903 | ||
| 005 | 20231010082340.7 | ||
| 041 | 0 | |a cze | |
| 044 | |a CZ | ||
| 245 | 1 | 0 | |a Ekologická újma: přiležitost pro vývoj nových produktů |c Ondřej Karel |
| 520 | |a Česká asociácia poisťovní usporiadala seminár o poistení zodpovednosti spôsobené ekologickou ujmou. Cieľom seminára bola koncepcia poistnej ochrany škôd na životnom prostredí. Skúsenosti zo zahraničia. | ||
| 610 | 2 | 0 | |a Česko |
| 610 | 2 | 0 | |a poisťovne |
| 610 | 2 | 0 | |a poisťovníctvo |
| 610 | 2 | 0 | |a trh poistný |
| 610 | 2 | 0 | |a poistenie zodpovednosti za škody |
| 610 | 2 | 0 | |a poistenie zodpovednostné |
| 610 | 2 | 0 | |a ochrana poistná |
| 610 | 2 | 0 | |a náhrada poistná |
| 610 | 2 | 0 | |a udalosti poistné |
| 610 | 2 | 0 | |a pohromy živelné |
| 610 | 2 | 0 | |a ekológia |
| 100 | 1 | |a Karel, Ondřej | |